| 000 | 01400cam a2200289 i 4500 | ||
|---|---|---|---|
| 003 | SA-RiAUC | ||
| 005 | 20250125144340.0 | ||
| 008 | 250125s1985 mr g 00000 ara c | ||
| 040 |
_aSA-JeALM _bara _cSA-RiAUC _erda |
||
| 043 |
_aa-su--- _af-ua--- |
||
| 082 | 0 | 4 | _a910.91751 |
| 090 |
_a910.91751 _b ك ت ا |
||
| 245 | 0 | 0 |
_aكتاب الاستبصار في عجائب الأمصار : _bوصف مكة والمدينة ومصر وبلاد الغرب / _cلكاتب مراكشي من كتاب القرن السادس الهجري ؛ نشر وتعليق سعد زغلول عبد الحميد. |
| 246 | 3 | 0 | _aالاستبصار في عجائب الأمصار |
| 264 | 1 |
_aالدار البيضاء : _bدار النشر المغربية، _c1985 |
|
| 300 |
_a252،90 صفحة ؛ _c24 سم |
||
| 336 |
_aنص _btxt _2rdacontent _3كتاب |
||
| 337 |
_aبدون وسيط _bn _2rdamedia |
||
| 338 |
_aمجلد _bnc _2rdacarrier |
||
| 500 | _aتوجد ملاحظات من الشيخ الدكتور عبدالوهاب أبو سليمان رحمه الله في داخل الكتاب. | ||
| 650 | 7 |
_aالجغرافيا _vمعاجم. _2aucsh |
|
| 651 | 7 |
_aالسعودية _xوصف ورحلات. _2aucsh |
|
| 651 | 7 |
_aمصر _xوصف ورحلات. _2aucsh |
|
| 700 | 1 |
_aعبد الحميد، سعد زغلول، _d1933- _eمعلق. |
|
| 942 |
_2ddc _cBOOK _n0 |
||
| 949 |
_aSA-JeALM _d250125 _umohamedma123 _n1 |
||
| 999 |
_c5204 _d5204 |
||